Escrituras de la intimidad : experiencias del mundo y el corazón /

Bibliographic Details
Other Authors: Rubio Hernández, Alfonso (Editor), Cardona Z., Patricia (Cardona Zuluaga) (Editor)
Format: Electronic eBook
Language:Spanish
Published: Bogotá, D. C. : Editorial Universidad del Rosario, 2024.
Edition:Primera edición.
Subjects:
Online Access:Digitalia Hispánica

MARC

LEADER 00000nam a2200000Ii 4500
001 DIGUDROS0824
003 NyNyDIG
006 m o d
007 cr |||||||||||
008 250401s2024 ck a ob 000 0 spa d
035 |a (OCoLC)1502150234 
040 |a DGITA  |b eng  |e rda  |e pn  |c DGITA 
020 |a 9789585004177  |q (pdf) 
020 |a 9789585004160  |q (ePub) 
020 |z 9789585004153  |q (impreso) 
024 7 |a https://doi.org/10.12804/urosario9789585004177 
041 0 |a spa  |b spa  |b eng 
043 |a s-ck--- 
050 1 4 |a CT3770 ebook 
245 0 0 |a Escrituras de la intimidad :  |b experiencias del mundo y el corazón /  |c Alfonso Rubio, Patricia Cardona Z., editores académicos. 
250 |a Primera edición. 
264 1 |a Bogotá, D. C. :  |b Editorial Universidad del Rosario,  |c 2024. 
300 |a 1 online resource :  |b illustrations. 
336 |a text  |b txt  |2 rdacontent 
337 |a computer  |b c  |2 rdamedia 
338 |a online resource  |b cr  |2 rdacarrier 
347 |a text file  |2 rdaft 
347 |b PDF 
504 |a Includes bibliographical references. 
546 |a Text in Spanish with abstract in Spanish and English. 
588 0 |a Online resource; title from PDF title page (Digitalia, viewed April 1, 2025) 
650 0 |a Culture  |x Research. 
650 0 |a Political science  |z Colombia. 
655 7 |a Personal narratives.  |2 lcgft 
700 1 |a Rubio Hernández, Alfonso,  |e editor. 
700 1 |a Cardona Z., Patricia  |q (Cardona Zuluaga),  |e editor. 
776 0 8 |i Print version:  |t Escrituras de la intimidad.  |b Primera edición.  |d Bogotá, D. C. : Editorial Universidad del Rosario, 2024  |z 9789585004153 
791 2 |a Digitalia (Firm),  |e distributor. 
793 0 |g Digitalia eBook Collection:  |a Universidad del Rosario 
856 4 0 |3 Digitalia Hispánica  |u https://www.digitaliapublishing.com/a/171543/ 
910 |a Premium collection: 2025